| 000 | 00490 a2200169 4500 | ||
|---|---|---|---|
| 003 | OSt | ||
| 005 | 20240131091408.0 | ||
| 008 | 240131b |||||||| |||| 00| 0 eng d | ||
| 040 | _coclc | ||
| 082 |
_a297.63 _bWAH/P |
||
| 100 |
_aWahab, K. Abdul _910342 |
||
| 245 |
_aPravachakan Karanja Sandharbhangal / _cWahab, K. Abdul |
||
| 250 | _a1st ed. | ||
| 260 |
_aThrissur: _bVicharam Books, _c2019. |
||
| 300 | _a112p. | ||
| 942 |
_2ddc _cBK _h297.63 _iWAH/P _k297.63 _mWAH/P |
||
| 999 |
_c43379 _d43379 |
||